00533nam a2200193 a 4500001001300000003000900013005001700022008004100039020002500080082001600105100003100121245003200152260004700184300000900231500003500240505001000275650002300285700003100308nice12345678IN_TiNIC20260116013146.0050524s1978 alba grp 000 0 eng  a087395 c661.500a181.07bFRA aFrank, Richard Mac Donough aBeings and Their Attributes aAlbanybState University of New Yorkc1978 a215p aincludes index and biblioraphy2 aIndex aPhilosophy-Islamic1 aFrank, Richard Mac Donough